Statistiques concernant Devinez le prénom de ces grands joueurs de basket-ball

Cliquez ici pour prendre le quiz!

Statistiques générales

  • Ce quiz a été pris 460 fois
  • Le résultat moyen est 13 sur 15

Statistiques - réponses

HintRéponse% Correct
JamesLebron
97%
CurryStephen
97%
DurantKevin
96%
GarnettKevin
96%
BryantKobe
96%
ParkerTony
96%
JordanMichael
92%
BirdLarry
90%
DuncanTim
90%
JohnsonMagic
89%
ChamberlainWilt
89%
O'NeelShaquille
87%
RussellBill
78%
ErvingJulius
71%
OlajuwonHakeem
69%

Distribution des résultats

Percentile par nombre de réponses

% des personnes avec chaque résultat

Votre développement - résultats

Vous n’avez pas pris ce quiz